000 00487nam a22001937a 4500
003 MPLRDC
005 20220104125348.0
008 210129b ||||| |||| 00| 0 eng d
020 _a957-628-828-2
082 _a857.9 LYFX v.15B
100 _a丁情
245 _a剑光中的魅影. 第二部
_c
250 _a初版
260 _a
_b万盛出版有限公司
_c1994
300 _b
490 _a龙吟虎啸系列. 15
650 _a武侠小说
942 _cBK
_o857.9 LYFX v.15B
999 _c26756
_d26746